| 000 | 00000nam##2200000za#4500 |
| 001 | 9.644322 |
| 003 | CaOODSP |
| 005 | 20210624224604 |
| 007 | cr ||||||||||| |
| 008 | 150407|1996||||xxc|||||o f|0| 0 fre|d |
| 040 | |aCaOODSP|bfre |
| 043 | |an-cn--- |
| 086 | 1 |aR72-259/1996F-PDF |
| 110 | 1 |aCanada.|bAffaires indiennes et du Nord. |
| 245 | 10|aDocument de travail - projet de modification du régime de redevances minières dans les Territoires du Nord-Ouest prévu au règlement sur l'exploitation minière du Canada |h[ressource électronique] |
| 260 | |aOttawa - Ontario : |bAffaires indiennes et du Nord |c[1996]. |
| 300 | |a51p.|btableaux |
| 590 | |a15-03-Supp|b2015-03-13 |
| 691 | 07|aAmendement|2gcpds |
| 691 | 07|aIndustrie minière|2gcpds |
| 775 | 08|tDiscussion paper - proposed amendments to the Northwest Territories Mining Royalty Regime in the Canada Mining Regulations |w(CaOODSP)9.700433 |
| 856 | 40|ahttp://publications.gc.ca|qPDF|s469 Ko|uhttps://publications.gc.ca/collections/collection_2015/aadnc-aandc/R72-259-1996-fra.pdf |